LEADER 00896nam0-22002891i-450- 001 990002760510403321 005 20120918120518.0 035 $a000276051 035 $aFED01000276051 035 $a(Aleph)000276051FED01 035 $a000276051 100 $a20030910d1968----km-y0itay50------ba 101 0 $aeng 102 $aUS 200 1 $aPurchasing behavior and personal attributes$fby William F. Massy, Ronald E. Frank, Thomas Lodahl 210 $aPhiladelphia$cUniversity of Pennsylvania$d1968 215 $a174 p., [1] c. di tav. ripieg.$d24 cm 700 1$aMassy,$bWilliam F.$0112774 701 1$aFrank,$bRonald E.$0381792 701 1$aLodahl,$bThomas$0493597 801 0$aIT$bUNINA$gRICA$2UNIMARC 901 $aBK 912 $a990002760510403321 952 $a2-1-9$b3649 tic$fECA 959 $aECA 996 $aPurchasing behavior and personal attributes$9422669 997 $aUNINA LEADER 01320nam0-2200373---450- 001 990008359980403321 005 20060707092249.0 010 $a88-299-0145-8 035 $a000835998 035 $aFED01000835998 035 $a(Aleph)000835998FED01 035 $a000835998 100 $a20060707d1983----km-y0itay50------ba 101 1 $aita 102 $aIT 105 $aa-------001yy 200 1 $aOftalmologia$econ un indice di riferimento per argomento ed una raccolta di domande d'esame per studenti$fW. Leydhecker$gfondato da F. Schieck e proseguito da E. Engelking$gedizione italiana della 19. edizione tedesca a cura del dott. Fulvio Magistretti$gtraduzione del prof. Giorgio Campanaro$gpresentazione del prof. Giuseppe Scuderi 210 $aPadova$cPiccin$d1983 215 $aXII, 299 p.$cill.$d24 cm 454 0$12001$aGrundriss der Augenheilkunde$939532 610 0 $aOculistica 676 $a617.7 700 1$aLeydhecker,$bWolfgang$0294442 702 1$aSchieck,$bFranz 702 1$aMagistretti,$bFulvio 702 1$aCampanaro,$bGiorgio 702 1$aEngelking,$bErnst 801 0$aIT$bUNINA$gRICA$2UNIMARC 901 $aBK 912 $a990008359980403321 952 $a80 XXII 40 CFT (10)$bCFT$fFFABC 959 $aFFABC 996 $aGrundriss der Augenheilkunde$939532 997 $aUNINA